| 000 | 00569nam a2200205 a 4500 | ||
|---|---|---|---|
| 001 | 2549 | ||
| 003 | CDMR | ||
| 005 | 20151026134202.0 | ||
| 008 | 130130s2004||||||||||||||||||||||||||||d | ||
| 020 | _a8429754695 | ||
| 024 |
_2DL _a349942004 |
||
| 040 |
_aCDMR _bcat _cCDMR |
||
| 100 | 1 |
_9423 _aBurguet Ardiaca, Francesc |
|
| 245 | 1 | 4 | _aLes trampes dels periodistes |
| 260 |
_aBarcelona _c2004 _bEdicions 62 |
||
| 500 | _aPremi d'assaig Josep VallverdĂș 2003 | ||
| 654 |
_93158 _aPeriodisme i llenguatge |
||
| 654 |
_93772 _aPeriodisme--Manuals d'estil |
||
| 942 |
_cMON _2udc |
||
| 999 |
_c2549 _d2549 |
||